000 01653nam a2200373Ia 4500
001 ebr10350109
003 CaPaEBR
006 m u
007 cr cn|||||||||
008 090327s2009 enka sb 001 0 eng d
010 _z 2009011307
020 _z9780754665731 (alk. paper)
040 _aCaPaEBR
_cCaPaEBR
035 _a(OCoLC)646871365
050 1 4 _aPR4710.C73
_bR43 2009eb
082 0 4 _a823/.8
_222
100 1 _aRecchio, Thomas.
245 1 0 _aElizabeth Gaskell's Cranford
_h[electronic resource] :
_ba publishing history /
_cThomas Recchio.
260 _aFarnham, Surry, England ;
_aBurlington, VT :
_bAshgate,
_cc2009.
300 _axiv, 273 p. :
_bill.
490 1 _aAshgate studies in publishing history
504 _aIncludes bibliographical references and index.
533 _aElectronic reproduction.
_bPalo Alto, Calif. :
_cebrary,
_d2011.
_nAvailable via World Wide Web.
_nAccess may be limited to ebrary affiliated libraries.
600 1 0 _aGaskell, Elizabeth Cleghorn,
_d1810-1865.
_tCranford.
600 1 0 _aGaskell, Elizabeth Cleghorn,
_d1810-1865.
_tCranford
_vBibliography.
600 1 0 _aGaskell, Elizabeth Cleghorn,
_d1810-1865.
_tCranford
_vIllustrations.
600 1 0 _aGaskell, Elizabeth Cleghorn,
_d1810-1865
_vAdaptations.
600 1 0 _aGaskell, Elizabeth Cleghorn,
_d1810-1865
_xAppreciation.
650 0 _aLiterature publishing
_zGreat Britain
_xHistory.
655 7 _aElectronic books.
_2local
710 2 _aebrary, Inc.
830 0 _aAshgate studies in publishing history.
856 4 0 _uhttp://site.ebrary.com/lib/rucke/Doc?id=10350109
_zAn electronic book accessible through the World Wide Web; click to view
999 _c41868
_d41868